Asia : Currency by Country (Yellow Box) - Statistics

General Stats
  • This quiz has been taken 628 times
  • The average score is 29 of 48
Answer Stats
Country Currency % Correct
India Indian rupee
87%
China Chinese Yuan Renminbi
83%
Japan Japanese yen
82%
Afghanistan Afghan afghani
80%
South Korea South Korean won
78%
North Korea North Korean won (alongside others)
76%
Singapore Singapore dollar
76%
Bahrain Bahraini dinar
73%
Cyprus European euro
71%
Israel Israeli new shekel
71%
Jordan Jordanian dinar
71%
Kuwait Kuwaiti dinar
70%
Iraq Iraqi dinar (alongside US dollar)
69%
Taiwan New Taiwan dollar
69%
Pakistan Pakistani rupee
69%
Turkey Turkish lira
69%
Indonesia Indonesian rupiah
68%
Sri Lanka Sri Lankan rupee
68%
Nepal Nepalese rupee
67%
Thailand Thai baht
64%
Vietnam Vietnamese dong
64%
Iran Iranian rial
63%
Saudi Arabia Saudi Arabian riyal
63%
Brunei Brunei dollar
61%
Oman Omani rial
59%
Bangladesh Bangladeshi taka
58%
Philippines Philippine peso
58%
Qatar Qatari riyal
58%
Lebanon Lebanese pound (alongside US dollar)
57%
Armenia Armenian dram
56%
Malaysia Malaysian ringgit
56%
Azerbaijan Azerbaijan manat
55%
East Timor None (United States dollar)
55%
Cambodia Cambodian riel (alongside US dollar)
53%
Kyrgyzstan Kyrgyzstani som
53%
United Arab Emirates UAE dirham
53%
Yemen Yemeni rial
50%
Syria Syrian pound
49%
Kazakhstan Kazakhstani tenge
48%
Uzbekistan Uzbekistani som
47%
Bhutan Bhutanese ngultrum
45%
Georgia Georgian lari
45%
Myanmar Myanmar kyat
45%
Laos Lao kip
44%
Mongolia Mongolian tugrik
44%
Tajikistan Tajikistani somoni
43%
Turkmenistan Turkmen manat
41%
Maldives Maldivian rufiyaa
36%
No matching quizzes found
Score Distribution
Percent of People with Each Score
Percentile by Number Answered
Your Score History
You have not taken this quiz